Top 5 piosenek z każdego albumu - Young Multi - Statystyki

Ogólne statystyki
  • Ten quiz został rozwiązany 48 razy
  • Średni wynik to 13 z 20
Statystyki odpowiedzi
Odtworzenia TOXIC % Poprawnych
21.8 mln SÓL
97%
16.7 mln Plecak
95%
18.4 mln Pogba
92%
18.5 mln BEZ SERCA
89%
4.8 mln 9 ŻYĆ
76%
10.4 mln BALLADA O SAMOTNOŚCI (vlone)
76%
10.4 mln TOXIC LUV
76%
6.9 mln Diamenty
71%
4.2 mln Trap II
71%
3.1 mln SKATE 3
68%
11.4 mln OSCAR
66%
5.5 mln Skrzydła
53%
1.7 mln MODELKI
50%
3.6 mln Nowy sezon
50%
4.1 mln K4FLE!
47%
3.9 mln Kim Ty Jesteś?
47%
4 mln Jeden dzień
45%
3.1 mln Kosmita
42%
2.6 mln Plan
42%
1.6 mln TORBA
42%
Nie znaleziono quizów pasujących do podanych kryteriów
Rozkład punktacji
Procent ludzi z każdym wynikiem
Percentyl według liczby udzielonych odpowiedzi
Twoja historia wyników
Nie rozwiązałeś tego quizu